[Event "RUS-Cup03 Geller Memorial"]
[Site "Moscow"]
[Date "1999.02.13"]
[Round "4"]
[White "Voitsekhovsky, Stanislav"]
[Black "Kholmov, Ratmir D"]
[Result "0-1"]
[WhiteElo "2558"]
[BlackElo "2458"]
[Annotator "Mikhalevski,V"]
[PlyCount "88"]
[EventDate "1999.02.10"]
[EventType "swiss"]
[EventRounds "9"]
[EventCountry "RUS"]
[SourceTitle "CBM 070"]
[Source "ChessBase"]
[SourceDate "1999.06.08"]
[SourceVersion "1"]
[SourceVersionDate "1999.06.08"]
[SourceQuality "1"]

1. e4 e5 2. Nf3 Nc6 3. d4 exd4 4. Nxd4 Bc5 5. Nxc6 Qf6 6. f4 $6 {A rare gest
in the tournament practice and rightly so.} (6. Qd2 {is the main line.}) 6...
dxc6 ({Alternative is} 6... Qxc6 7. Nc3 {After 6...Q:c6 it's more accurate to
play first 7.Nc3 following by 8.Bb5} (7. Qf3 $143 Nf6 8. Nc3 O-O 9. Bb5 Qe6 10.
f5 Qb6 11. Bd3 Re8 12. Bd2 Nxe4 $1 13. Bxe4 d5 $1 14. Nxd5 (14. O-O-O $142)
14... Qxb2 15. Ke2 Qe5 {[%cal Ge5d5,Ge5e4,Gc8f5]} 16. Ne3 (16. Nc3 Bxf5 $1)
16... Qxe4 17. Qxe4 Rxe4 18. Kf3 Bxe3 19. Kxe4 Bxd2 20. Rad1 Bg5 21. h4 Be7 {
0-1 Bjerring,K-Murrey,J/Copenhagen 1986/EXT 97 (21)}) 7... Nf6 8. Bb5 Qe6 9. e5
(9. Qf3 O-O {leads to Bjerring-Murrey}) 9... O-O 10. Qe2 Nd5 11. Ne4 Be7 12.
O-O a6 13. Bc4 b5 14. Bb3 Bb7 15. c4 bxc4 16. Bxc4 d6 17. exd6 cxd6 {[%cal
Gd5f4]} 18. b3 Nxf4 19. Bxf4 d5 20. Nd6 Bxd6 21. Qxe6 fxe6 22. Bxd6 Rfd8 23.
Be5 dxc4 24. bxc4 $11 {1/2-1/2 Karasev,V-Dautov,R/Leningrad 1989/TD (60)}) 7.
Qf3 ({In case of} 7. Nc3 Nh6 {can't be met by 8.h3 because of 8...Qh4+} 8. Qf3
Qh4+ (8... Bg4 $143 9. Qg3) 9. g3 Bg4 $1 10. Qg2 Qh5 11. Be2 O-O-O 12. h3 Bxe2
13. Qxe2 Qg6 14. g4 Rhe8 15. Bd2 Nf5 $1 16. O-O-O (16. gxf5 Qg3+ 17. Kf1 (17.
Kd1 Be3) 17... Rxd2 $1 18. Qxd2 Qf3+) 16... Ng3 17. Qc4 Bb6 18. f5 Qf6 19. Rhe1
Rd4 20. Qb3 Nxe4 $15 {0-1 Barczay,L-Romanishin,O/Dortmund 1982/MCL (41)}) 7...
Ne7 $6 ({Now} 7... Nh6 $6 {can be met by} 8. h3 {[%csl Rh6]} Bd7 9. Nc3 O-O-O
10. Bd2 Rhe8 11. O-O-O Qe7 12. g4 f6 $14 {0-1 Schallopp,E-Riemann,F/Leipzig
1879/HCL (76)}) (7... Qh4+ $1 {Very unpleasant check.I think it was better
than the game as knight on g8 can be developed on f6.} 8. Qg3 (8. g3 Bg4 $1 (
8... Qe7) 9. Qg2 (9. Qc3 {[%cal Rc3c5,Rc3g7,Rg3h4]} Qe7 {[%cal Ge7e4,Re4h1,
Re4e1,Rc5b4]}) 9... Qh5 10. Be2 Nf6 {[%csl Re4,Rg2][%cal Gg4e2,Gg4h3]
attacking the e4-pawn and creating the threat of Bh3! following by N(B)g4})
8... Qxg3+ 9. hxg3 Nf6 10. Bd3 Ng4 11. Rf1 Nh2 12. Rh1 Ng4 {1-0 Bjerring,
K-Riedel,W/Munich 1993/TD (62) and Black is at least not worse.}) 8. Nc3 Qh4+ {
Now it's not as strong as on the previous move since the knight on e7 can't
help.} 9. g3 Bg4 10. Qg2 Qh5 11. Be2 O-O-O 12. Na4 $6 {A loss of time.White
should think about quick  castling.} (12. Bd2 $5 {[%cal Ge1c1]}) 12... Bb6 {
making White's life simplier.} (12... Rhe8 $1 $36 {[%csl Ra4,Re1] ignoring N:
c5 and taking initiative in his hands.Now Black has good chances to make use
of uncastled king, displased knight and big development advantage.} 13. e5 (13.
Bxg4+ $6 Qxg4 {[%cal Rd8d1]} 14. Qe2 (14. Nxc5 $2 Qd1+ 15. Kf2 Qxc2+ {[%cal
Rc2f2,Rc2c5]}) 14... Bb4+ $1 15. c3 (15. Kf2 Qxe2+ 16. Kxe2 Nf5 {[%csl Re4]
[%cal Gf5d4]} 17. c3 $8 b5 $1) 15... Qxe2+ 16. Kxe2 Bd6 {[%csl Ra4][%cal Gb7b5]
} 17. e5 (17. c4 Nf5 $1 {[%csl Rd4]}) (17. b3 b5 18. Nb2 Nd5 {[%csl Rc3,Re4]}
19. Kd3 $140 Nf6 $1) 17... b5 $1 18. exd6 cxd6 {[%csl Ra4]}) (13. Nxc5 Bxe2 14.
Qxe2 Qxc5 {[%csl Re1][%cal Ge8e1]}) 13... Bd6 $3 14. Bxg4+ (14. exd6 $2 Nd5 $19
{[%cal Re8e2]}) 14... Qxg4 15. O-O (15. h3 Bb4+ $1 16. Kf2 (16. c3 Qd1+) 16...
Qg6 {[%cal Ge7f5,Gg6c2]}) (15. Qe2 Qxe2+ 16. Kxe2 b5 (16... Nf5 {[%cal Gf7f6]}
17. Kf2 Bf8 $15 {[%csl Ra4,Rc2]})) 15... Bxe5 $1 {[%cal Gg4a4]} 16. fxe5 (16.
h3 Bd4+) 16... Qxa4 $15) 13. Nxb6+ {A big relief.That bishop was very annoying.
} axb6 14. Bxg4+ Qxg4 15. Qe2 (15. O-O $5) 15... Qe6 (15... h5 $5 16. Be3 (16.
Bd2 Rd4) 16... Rhe8) 16. O-O ({After} 16. f5 Qe5 {it's not so simple to
complete the development:} 17. c3 Rhe8 18. Bf4 Qc5 $1 {preventing the short
castle.} (18... Qa5 19. O-O Nxf5 20. Qc4 (20. Qg4 $2 Qc5+ 21. Kh1 Rxe4)) 19.
Be3 Qb5 $1 20. Qxb5 cxb5 {[%csl Re4][%cal Ge8e1]}) 16... Rhe8 {[%csl Re4][%cal
Ge7f5,Ye6e2] Despite the serial of inaccuracies Black is in possession of
initiative.} 17. b3 (17. Qf3 {doesn't solve all the problems:} Qc4 $1 {[%cal
Gc4c2]} (17... Rd4 18. e5 (18. Re1 Nf5) 18... f6 19. Be3 Rdd8 20. exf6 Qxf6 {
[%cal Ge7f5,Gf6b2]}) 18. Qg2 $5 (18. c3 Rd3 19. Qg4+ f5 20. exf5 Qc5+ $17 {
[%cal Ge7f5]})) 17... Nf5 {[%csl Re4][%cal Gf5d4]} 18. e5 (18. Re1 $5 {trying
to keep white squares under control as long as possible.} Rd4 19. e5 Red8 20.
a4 $1 {[%cal Ga4a5]}) 18... Nd4 $15 19. Qe4 $1 {The toughest defence.} (19. Qf2
Qf5 20. c3 Nc2 21. Rb1 Ne1 $1 22. Ra1 (22. Rb2 $2 Nd3 {[%cal Rd3f2,Rd3b2]})
22... Nd3 {Fantastic activity of the knight brings its fruits.} (22... Nc2 $11)
23. Qc2 f6 $1 (23... h5 $5 {[%cal Gh5h4]}) 24. Be3 fxe5 25. fxe5 Qh5 $15) (19.
Qg2 $2 Qf5 20. c3 Nc2 21. Rb1 Ne1 $1 {[%cal Re1g2,Rf5b1]} 22. Qb2 Qe4 $1 $19)
19... f5 $5 {[%csl Rc1][%mdl 32] Blocking the king side Black hope to make use
of his advantage on the other side of the board.} (19... f6 20. c3 (20. Bb2
fxe5 21. fxe5 Qxe5 22. Qxe5 Rxe5 23. Rf7 Rf5 $1 24. Rxg7 $140 Nf3+ 25. Kh1 h5
$40 {[%cal Gd8d2]}) 20... Nb5 21. c4 Nd4 22. Bb2 fxe5 23. fxe5 (23. Rae1 exf4
$1) 23... Qxe5 24. Qxe5 Rxe5 $15) 20. Qg2 Qd5 21. c4 $6 {Creating a hook for
the black pawns.} (21. Qxd5 $142) 21... Qxg2+ 22. Kxg2 b5 $1 23. cxb5 cxb5 $15
(23... Nc2 $5 24. Rb1 cxb5 25. Rb2 (25. Rf2 Ne1+ 26. Kf1 Nd3) 25... Nb4 {
[%cal Gb4d3]}) 24. Rf2 b6 25. Be3 Ne6 {[%csl Ge6] Knight occupies the best
blockade square.} 26. g4 (26. Rc1 $5) 26... fxg4 $5 (26... g6 {is also
possible keeping the blockade position.}) 27. f5 Rd3 $5 (27... Nd4 28. f6 gxf6
29. Bxd4 Rxd4 30. exf6 $132) 28. Re1 Nd4 29. e6 $2 {A serious mistake.White
loses his e6 pawn and together with it the game.} (29. Bxd4 {was necessary
with a slight adge for Black.}) 29... Nf3 30. Ree2 g6 $1 {Very important move.
Black destroies strong pawn chain and reaches decisive adge.} 31. fxg6 ({Or} 
31. f6 Rxe6 32. f7 Rf6) 31... hxg6 32. Bf4 (32. Bh6 Nh4+ $1 33. Kg1 Nf5 34. Bc1
(34. Bf4 Nd4 35. Re4 Rxe6) (34. Bd2 Nd4 {[%cal Gd4f3]} 35. Re3 Rxe3 36. Bxe3
Nf3+ 37. Kg2 Rxe6 $19) 34... Nd4 35. Re4 Rxe6) (32. Bc1 {was most stubborn
defence} Nd4 (32... Rd1 $5 33. Rf1 Nd4 $1) 33. Re4 Rxe6 34. Rxg4 c5 $17) 32...
Nd4 33. Re5 Rxe6 $17 34. Rg5 Rf3 (34... c5 $5) 35. Bg3 c5 36. Rxg4 Rxf2+ 37.
Bxf2 Nc2 38. a4 $2 {loses by force,but anyway the position was very difficult.}
c4 $1 {[%mdl 64]} 39. axb5 (39. b4 $142 Na3 40. Rg3 Nb1) 39... cxb3 40. Rc4+ (
40. Rg3 Re3 $1 {[%cal Gb3b2]}) 40... Kb7 41. Rc3 b2 42. Rb3 Re2 $1 $19 {
[%cal Gc2a3]} 43. Kf3 Rd2 {[%cal Gc2a3]} 44. Rxb2 (44. Be3 Rxh2 45. Kg3 (45.
Bf2 Rh3+ 46. Bg3 Nd4+) (45. Rxb2 Ne1+) 45... Re2 {[%cal Re2e3,Rc2a3]} 46. Rxb2
Rxe3+ 47. Kf2 Rc3 $19) 44... Ne1+ 0-1

[Event "RUS-Cup03 Geller Memorial"]
[Site "Moscow"]
[Date "1999.02.08"]
[Round "7"]
[White "Motylev, Alexander"]
[Black "Kholmov, Ratmir D"]
[Result "1/2-1/2"]
[WhiteElo "2505"]
[BlackElo "2458"]
[Annotator "Mikhalevski,V"]
[PlyCount "61"]
[EventDate "1999.02.10"]
[EventType "swiss"]
[EventRounds "9"]
[EventCountry "RUS"]
[SourceTitle "CBM 070"]
[Source "ChessBase"]
[SourceDate "1999.06.08"]
[SourceVersion "1"]
[SourceVersionDate "1999.06.08"]
[SourceQuality "1"]

1. e4 e5 2. Nf3 Nc6 3. d4 exd4 4. Nxd4 Bc5 5. Be3 Qf6 6. c3 Nge7 7. Bc4 O-O (
7... Ne5 {is more popular}) 8. O-O Bb6 9. Na3 {Information concerning other
moves you can find in CBM67(See Arakhamia-Spassky, 1998 and Arakhamia-Hort,
1998).} d6 {Looks dangerous in view of 10.Ndb5(see below)} (9... Qg6 {see Van
der Wiel-De Vreugt,1999(cbm69)}) (9... Nxd4) (9... Ne5) (9... Rd8) 10. f4 {
A rare move.} ({After} 10. Ndb5 $5 {[%csl Rc7] Black has to be very careful:}
a6 (10... Ne5 11. Bxb6 axb6 12. Bb3 $1 $16 {[%csl Rc7,Rf7]} (12. Be2 c6 13. Nd4
N7g6 14. Nc4 Nxc4 15. Bxc4 b5 16. Bb3 Nf4 $11 {1-0 Anka,E-Letay,G/HUN-chT 1993/
TD (63)}) 12... c6 $140 13. Nxd6 Rd8 $2 14. f4 $1 Rxd6 15. fxe5 Qxe5 (15...
Rxd1 16. Rfxd1 $1 $18 {[%cal Rd1d8,Re5f6]}) 16. Bxf7+ $18) 11. Nxd6 $1 {
[%csl Rb6]} Bxe3 (11... Rd8 $2 12. e5 $3 Qg6 (12... Nxe5 13. Ne4 $1 {[%cal
Re4f6,Rd1d8]}) (12... Qxe5 13. Nxf7) 13. Bxb6 cxb6 14. Qe2 $18 Be6 15. Nxb7 Rd7
16. Nd6 Rad8 {1-0 Van der Wiel,J-David,A/Mondorf 1991/EXT 97 (16)}) 12. Nxc8
Bc5 (12... Nxc8 13. fxe3 $16 {[%csl Rf7] 1/2-1/2 Rosito,J-Servat,R/ARG-ch 1991/
EXT 98 (23)}) 13. Nxe7+ Qxe7 14. b4 (14. Bd5 $5) 14... Bd6 {[%cal Ge7e4,Ge7e5,
Re5c3,Re5h2]} 15. Qc2 Rae8 (15... a5 $5 $14) 16. Bd5 Ne5 $6 (16... a5 $5 $14)
17. f4 {1-0 Zapata,A-Arencibia,W/Merida 1992/EXT 97 (34)}) 10... Nxd4 $146 {
A new continuation.In three previous games black chosed three different ways.}
(10... Be6 11. Be2 Rad8 12. g4 h6 13. Nc4 Bxc4 14. Bxc4 Rfe8 15. g5 Qg6 16. f5
Bxd4 17. fxg6 Bxe3+ 18. Kg2 Rf8 19. gxf7+ Kh7 20. gxh6 Bxh6 21. Bb3 Ne5 22. Qh5
N7g6 23. Kh1 Rd7 24. Be6 Re7 25. Bf5 Rexf7 26. Rg1 Rf6 27. Raf1 Kg8 28. Rg3 Ne7
29. Rfg1 R8f7 30. Qh3 Nxf5 31. exf5 Bf4 32. R3g2 Rh6 33. Rxg7+ Rxg7 34. Rxg7+
Kxg7 35. Qg2+ Kf6 36. Qxb7 Rxh2+ 37. Kg1 c6 38. Kf1 Be3 39. Qa6 Nf3 40. Qe2
Nd2+ {0-1 Judd,M-Grundy,J/New York 1880/HCL (40)}) (10... Bd7 11. Nac2 Rad8 12.
Qf3 Na5 13. Be2 c5 14. Nb3 Nxb3 15. axb3 Bc6 16. Bf2 Ng6 17. f5 Ne5 18. Qh3
Rde8 19. Bh4 Qh6 20. Qg3 f6 21. Rf4 d5 22. exd5 Bxd5 23. Bb5 Rd8 24. Ne3 Bxb3
25. Ng4 Nxg4 26. Rxg4 c4+ 27. Kh1 Rd5 28. Re1 Rxf5 29. Bd7 Re5 30. h3 Rxe1+ 31.
Qxe1 Qe3 32. Qxe3 Bxe3 33. Be6+ Kh8 34. Re4 Bc1 35. Bxc4 Bxc4 36. Rxc4 Bxb2 37.
Rb4 Bxc3 38. Rxb7 a5 39. Rc7 Bb4 40. Ra7 Rc8 41. Bf2 h6 42. Bb6 Rc1+ 43. Kh2
Bd6+ 44. g3 Rc2+ 45. Kh1 Bxg3 46. Rxa5 Be5 {0-1 Palda,K-Eliskases,E/Wien 1932/
EXT 99 (46)}) (10... Ng6 11. Nac2 Na5 12. Be2 Re8 13. b4 Nc6 14. Bd3 Bd7 15.
Qh5 h6 16. Rae1 a6 17. Kh1 Re7 18. Ne2 Na7 19. Bxb6 cxb6 20. Ne3 Bc6 21. Nd5
Bxd5 22. Qxd5 Nc6 23. g3 Rc7 24. a4 a5 25. Qb5 axb4 26. cxb4 Re7 27. Qxb6 Rxa4
28. b5 Nb4 29. Bb1 Ra8 30. Rd1 Qb2 31. Qxd6 Qxe2 32. Qxb4 Rc7 33. e5 Nf8 34. b6
Rc4 35. Qe7 Ra2 36. Bxa2 Rc2 37. Qxf7+ Kh7 {1-0 Fogarasi,T-Karsa,L/HUN-chT
1992/TD (37)}) 11. Bxd4 ({In case of} 11. cxd4 d5 $1 {is strong} 12. e5 (12.
Bxd5 Nxd5 13. exd5 Rd8) 12... Qg6 {[%csl Yf5][%cal Gc8f5,Gf5e4,Ge7f5]}) 11...
Nc6 {The point of the previous move.} (11... Bxd4+ 12. Qxd4 $14 {[%csl Ge4,Gf4]
}) 12. Bxb6 (12. e5 $2 {is refuted by simple} dxe5 13. fxe5 Qxe5 $1) 12... axb6
13. Nb5 $14 {[%cal Gb5c7] White is better ought to the better pawn structure
(strong pawn centre).} Qe7 14. f5 $5 {[%csl Ge5] Very responsible move.White
restrictes Black's bishop and starts an offensive on the king side ,but the
e5-square has been given in the full possession of the Black's knight.} (14.
Qf3 $5) 14... Ne5 15. Bb3 Qd8 $5 {[%cal Gc8d7] preparing Bd7 which was
impossible immediately in view of N:c7.} 16. Qh5 (16. f6 $5 gxf6 17. Nd4 {
[%csl Rf6,Rf7,Rh7][%cal Gd1h5,Ya1f1,Yf1f4,Yf1f2] with good play along the
f-file and on the king side.}) 16... Bd7 17. Nd4 {[%cal Gd4e6]} (17. f6 $5 {
Now it's even stronger than on the previous move.} gxf6 (17... Bxb5 $6 18. Qg5
Ng6 19. Qxb5) 18. Nd4 {[%csl Gf5,Rf6,Rf7,Rh7]}) 17... c5 $5 (17... Qf6 $5 {
was possible preventing f5-f6.} 18. Ne6 (18. g4 g6 (18... h6) 19. fxg6 Qxg6 20.
Qxg6+ hxg6 $15) 18... Rfc8 19. Nf4 {[%cal Gf4d5]} (19. g4 $2 {[%cal Gg4g5]}
fxe6 $1 20. fxe6 {[%cal Rf1f6,Re6d7]} (20. g5 $2 Qe7 21. f6 (21. g6 h6 22. f6
gxf6 23. Qxh6 Qg7 $19) 21... Qf7) 20... Be8 $1 21. e7+ Kh8 22. Qg5 $1 {[%csl
Rh8]} (22. Rxf6 Bxh5 23. Rf8+ Rxf8 24. exf8=R+ Rxf8 25. gxh5 $15) 22... Qf3 $3
23. Be6 {[%cal Re6c8,Ge6g4]} (23. Bd1 h6 $1) (23. Qxe5 Qe3+ $1 24. Kg2 Bc6 $1
$17) 23... Bf7 $1 (23... Rcb8 $2 24. Qc1 $1 {[%cal Ge6g4]}) 24. Bxc8 (24. Bxf7
Nxf7 $19) 24... Rxc8 $17 25. Rf2 {[%cal Ga1f1]} h6 $1) 19... Bc6 $13) 18. Bd5
$2 (18. Ne6 $2 {is bad in view of} fxe6 19. fxe6 Rxf1+ 20. Rxf1 c4 {winning a
piece} 21. Bxc4 Nxc4 22. Qf7+ Kh8 23. e7 $140 Qg8 24. Qf8 {[%cal Gf8a8]} Re8
$19) ({White should prefer} 18. Nf3 {[%csl Rd6][%cal Ga1d1]}) 18... Bc6 ({
Black should take the piece} 18... cxd4 $1 19. cxd4 g6 $1 {[%mdl 256] Very
important intermediate move and the only defence.Now White is in danger.} (
19... Nc6 $2 {is dangerous in view of} 20. f6 $1 {[%cal Rh5g5]} gxf6 (20... Kh8
21. fxg7+ Kxg7 22. Rf4 $1 {[%csl Rf7,Rg7,Rh7][%cal Ga1f1,Gf4h4]} (22. Rxf7+
Rxf7 23. Qxf7+ Kh8 $15) 22... h6 (22... Qe7 $2 23. Rh4 Rh8 24. Qh6+ Kg8 25. Rh5
$1 $18 {[%cal Gh5g5]}) 23. Rxf7+ $1 (23. Raf1 f5 $1) 23... Rxf7 24. Qxf7+ Kh8
25. Rf1 {[%cal Gf1f6]} Qe7 (25... Qg5 26. Qxd7) 26. Qg6 Qg5 27. Qxd6 $40 {
[%csl Rh8]}) (20... h6 $4 21. Qg6 $1) 21. Rf4 {[%csl Rh7][%cal Gf4h4]} Be6 {
[%cal Gf8e8]} (21... Re8 22. Qxf7+ Kh8 23. Rh4) 22. Rh4 Re8 23. Qxh7+ (23. Qh6
$2 {[%cal Gd5e6,Gh4g4]} Nxd4 $1 24. Bxe6 $140 Nxe6 {[%csl Gg7]}) 23... Kf8 24.
Rh6 $1 $18 {[%cal Gd5e6,Gd4d5,Ga1f1]} (24. Qh6+ Ke7 25. Bxe6 Kxe6 (25... fxe6
$4 26. Qg7#) 26. d5+ Kd7 27. dxc6+ bxc6 28. Qg7 $14) (24. Bxe6 $5 Rxe6 (24...
fxe6 $4 25. Rg4 $1) 25. d5 Re5 26. Rh6 $1 (26. dxc6 bxc6 27. Rh6 Re6) 26... Rg5
(26... Nd4 $2 27. Qh8+ Ke7 28. Qxf6+ Kd7 $140 29. Qxd6+ $18) (26... Ne7 $2 27.
Rxf6 Ke8 28. Qxf7+ Kd7 29. Rxd6+ $1 Kxd6 30. Qf6+ $18) 27. dxc6 $40) 24... f5
$140 25. Qh8+ Ke7 26. Rxe6+ $1 fxe6 (26... Kd7 27. Rxe8 $18) 27. Qg7#) 20. Qh6
(20. fxg6 $2 Nxg6 (20... hxg6 $2 21. Qh6 {[%csl Rg6]})) (20. Qh3 Nc6 21. Qh6 {
[%cal Rf5f6]} Qf6 $5 (21... Kh8 $5 22. f6 (22. Rf4 g5 $1) 22... Rg8 23. Bxf7
Qf8 $1 $17) 22. fxg6 Qxg6 $17) 20... Ng4 21. Qf4 gxf5 $1 22. exf5 Nf6) 19. f6
$2 {White is too optimistic.} (19. Nf3 $5 $11) 19... cxd4 (19... Bxd5 20. fxg7
Re8 21. exd5 cxd4 22. cxd4 Ng6 23. Rxf7 $1 Re7 $1 $17 {is also enough for an
adge,but 19...cd looks simplier.} (23... Kxf7 24. Qxh7 Rg8 25. Rf1+ Qf6 $8 (
25... Ke7 $2 26. Qxg6 $18) 26. Rxf6+ Kxf6 27. Qh3 $1 $44 {[%cal Gh3e6]})) 20.
cxd4 Bxd5 21. exd5 Ng6 $19 {Black is a piece up and White's attack doesn't
seem sufficient.} 22. Rf3 Re8 {First inaccuracy.Black weakens the f7-square
without any serious reason and it gives some counterchances.} (22... h6 $1 {
preventing the attack in the very beginning.}) 23. Raf1 Ra5 (23... Rxa2 $5 {
was enough to win the game,but Black should be very accurate:} 24. Rh3 $1 (24.
fxg7 Qh4 25. Qxh4 Nxh4 26. Rxf7 Ng6 27. Rxb7 Rxb2 $19) 24... h6 25. fxg7 Qg5
26. Qf3 f5 $1 {[]} ({After careless} 26... Re7 $2 {Black suddenly loses a
piece back.} 27. Rg3 {[%cal Gg3g6]}) 27. Rg3 Qf6 (27... Nh4 $2 28. Qb3 $1) 28.
Qxf5 $1 (28. Qh5 Kxg7 29. Rxf5 $140 $2 Qxd4+ {[%cal Ga2a1]}) 28... Qxf5 29.
Rxf5 {Until this move everything is forced.Now after  natural 29...Kg7? White
wins a piece back,but} Re1+ $1 (29... Kxg7 $2 30. h4 $1 Re1+ 31. Kh2 (31. Kf2
Rb1 $1 32. h5 $140 Raxb2+ 33. Kf3 Rb3+) 31... Raa1 {[%cal Re1h1]} 32. Rg4 $1
Rh1+ 33. Kg3 Rxh4 $8 $15) 30. Kf2 Raa1 $1 $19 {[%cal Ge1f1] Only thanks to
this tricky idea Black wins.}) 24. Rh3 h6 $8 (24... gxf6 $4 25. Qxh7+ Kf8 26.
Rhf3 $1 $18 {[%cal Gf3f6,Gf6f7]}) 25. Rg3 $1 {[%cal Gg3g6,Gf6f7] putting
another problem.} (25. fxg7 Qg5 26. Qf3 Qxd5 $1 {The idea of 23...Ra5.} (26...
Re7 $2 27. Rg3 Qxd5 28. Qf6 $1 {[%cal Gg3g6] and White is better.}) 27. Qf6 Qe6
$19) 25... Kh7 $2 {let White out.} ({After cool} 25... Qd7 $1 {[%mdl 256]
Black wins.} 26. Rh3 (26. Rxg6 fxg6 27. f7+ (27. Qxg6 Qf7 $19) 27... Qxf7 $1
$19) (26. fxg7 Kxg7 27. Rh3 Rh8) 26... Rxa2 (26... Qa4 $5) 27. fxg7 Qa4 $1 {
winning} 28. Qxh6 Qxd4+ 29. Kh1 Qxg7) 26. fxg7 Qh4 ({but not} 26... Rxa2 $2 27.
Rh3 {and White is on top.}) 27. g8=Q+ (27. Qxh4 Nxh4 28. g8=Q+ {see 27.g8Q} (
28. Rxf7 Rg8)) 27... Rxg8 ({But not} 27... Kxg8 $4 28. Qxh4 (28. Rxg6+ $5)) 28.
Rxf7+ (28. Qxh4 Nxh4 29. Rxf7+ Kh8 {see 28.R:f7}) 28... Kh8 29. Qxh4 (29. Rh3
Qxd4+ (29... Qxh5 30. Rxh5 Rg7 31. Rxh6+ Kg8 32. Rf6 Ne7 33. Rxd6 $11) 30. Kh1
Rg7 $8 31. Rxb7 $1 {[%cal Gb7b8]} Ra8 $1 32. Qxh6+ Kg8 $15) 29... Nxh4 30. Rf6
$1 Kh7 (30... Rxg3 31. hxg3 Kg7 32. Rxd6 Nf5 33. Rxb6 Rxa2 34. Rxb7+ Kf6 $15 {
Black is slightly better,but White keeps good chances for equalizing.}) 31.
Rf7+ {Right decision.Both players don't take chances after a complicated
tactical battle.In any case the position is about equal.} (31. Rxg8 Kxg8 32.
Rxd6 (32. Rxh6 $2 Nf5 33. Rf6 Rxd5) 32... Rb5 33. b3 Nf5 34. Rd7 $44) 1/2-1/2